The adventures of Huckleberry Finn / (Record no. 7323)

MARC details
000 -LEADER
fixed length control field 01003nam a22002657a 4500
001 - CONTROL NUMBER
control field 7323
003 - CONTROL NUMBER IDENTIFIER
control field FISKH
005 - DATE AND TIME OF LATEST TRANSACTION
control field 20250709140411.0
008 - FIXED-LENGTH DATA ELEMENTS--GENERAL INFORMATION
fixed length control field 250709b cb ||||| |||| 00| 0 eng d
020 ## - INTERNATIONAL STANDARD BOOK NUMBER
International Standard Book Number 9781453065976
040 ## - CATALOGING SOURCE
Original cataloging agency FISKH
Language of cataloging eng
Transcribing agency FISKH
Modifying agency FISKH
050 ## - LIBRARY OF CONGRESS CALL NUMBER
Classification number PS1305.C55 H
082 ## - DEWEY DECIMAL CLASSIFICATION NUMBER
Classification number 813.4
100 ## - MAIN ENTRY--PERSONAL NAME
Personal name Twain, Mark
Dates associated with a name (1835–1910)
245 ## - TITLE STATEMENT
Title The adventures of Huckleberry Finn /
Statement of responsibility, etc. Condensed and Adapted by Clay Stafford ; Illustrated by Ruth Palmer ; Cover Illustrated by Tom Newsom
250 ## - EDITION STATEMENT
Edition statement This edition first published in 2013
260 ## - PUBLICATION, DISTRIBUTION, ETC.
Place of publication, distribution, etc. Franklin :
Name of publisher, distributor, etc. Dalmatian,
Date of publication, distribution, etc. 2013
300 ## - PHYSICAL DESCRIPTION
Extent 180 pages :
Other physical details illustrations ;
Dimensions 21 cm
520 ## - SUMMARY, ETC.
Summary, etc. Huck Finn and a runaway slave named Jim run away and float down the Mississippi River on a raft, experiencing all kinds of adventures.<br/>
650 ## - SUBJECT ADDED ENTRY--TOPICAL TERM
Source of heading or term Twain
Topical term or geographic name entry element Children's classic
650 ## - SUBJECT ADDED ENTRY--TOPICAL TERM
Source of heading or term Junior Classics for Young Readers
Topical term or geographic name entry element American West Frontier
700 ## - ADDED ENTRY--PERSONAL NAME
Personal name Palmer, Ruth
Dates associated with a name illustrator
942 ## - ADDED ENTRY ELEMENTS (KOHA)
Source of classification or shelving scheme Dewey Decimal Classification
Koha item type Books
Suppress in OPAC No
Holdings
Withdrawn status Lost status Source of classification or shelving scheme Damaged status Not for loan Collection Home library Current library Shelving location Date acquired Total Checkouts Full call number Barcode Date last seen Copy number Price effective from Koha item type
    Dewey Decimal Classification     Fiction Footprints International School Library Network Toul Tom Poung Campus Footprints International School Library Network Toul Tom Poung Campus TTP Secondary Fiction Bookshelves 07/09/2025   TWA 813.4 PS1305.C55 H 2025-1784 07/09/2025 1 07/09/2025 Books